000 00839nam a2200289Ia 4500
001 3456
003 IT-RoPAU
008 130308s9999 xx 000 0 und d
040 _aIT-RoPAU
040 _cIT-RoPAU
041 _aITALIANO
100 _aMoscati Italo
100 _gCodice Aut. SPICS: 3518
245 _aLotta dell'industria culturale si combatte imponendo una egemonia popolare (La)
245 _bContro L'Industria Culturale-Materiali per una Strategia Socialista
250 _a1a ed.
260 _aBOLOGNA
260 _bGuaraldi
260 _c1971 [1° Ed.:1971 - Ed.Ling.Originale:1971]
300 _a"8 p. (prefazione: no ; testo: 8 [pagine: 166-173])"
650 _aSAGGI DI COMUNICAZIONE SOCIALE
650 _eCodice materia Spics: 3807
942 _cBK
957 _71
999 _c45134
_d45134
999 _bSI
999 _g1